Podpora dopytu po rizikovom kapitáli v Slovenskej republike

Rizikový kapitál ako alternatíva financovania malých a stredných podnikov. Swot analýza dopytu po rizikovom kapitáli v Slovenskej republike. Podpora dopytu po rizikovom kapitáli v Slovenskej republike.

Gespeichert in:
Bibliographische Detailangaben
1. Verfasser: Kopkáš, Peter
Format: Buchkapitel
Sprache:Slowakisch
Schlagworte:
Tags: Tag hinzufügen
Keine Tags, Fügen Sie das erste Tag hinzu!

MARC

LEADER 00000naa a2200000 4500
001 0142885
005 20240502072549.0
041 0 |a slo 
044 |a SK 
245 1 0 |a Podpora dopytu po rizikovom kapitáli v Slovenskej republike  |c Peter Kopkáš 
520 |a Rizikový kapitál ako alternatíva financovania malých a stredných podnikov. Swot analýza dopytu po rizikovom kapitáli v Slovenskej republike. Podpora dopytu po rizikovom kapitáli v Slovenskej republike. 
610 2 0 |a kapitál rizikový 
610 2 0 |a Slovensko 
610 2 0 |a financovanie podnikov 
610 2 0 |a podnik malý 
610 2 0 |a podnik stredný 
610 2 0 |a analýza swot 
100 1 |a Kopkáš, Peter